000 00855nam a2200193 a 4500
005 20140412111318.0
008 000823s19uu xx 00 eng d
020 _a0-8234-1291-1
050 _aM 686.2
_bA237 1997
100 _aAdler, David A.
245 _aA Picture book of Louise Braille /
_cby David A. Adler ; illustrated by John & Alexandra Wallner.
260 _aU.S.A :
_bHoliday House,
_c1997.
300 _a[32] p.
520 _aPresents the life of the nineteenth-century Frenchman , accidentally blinded as a childm who originated the raised dot system of reading and writing used throughout the world by the blind.
650 _aBraille, Louis, 1809-1852-Juvenile literature
650 _aBraille, Louis, 1809-1852-Pictorial works-Juvenile literature
650 _aBlind teachers-France-Biography-Juvenile literature
999 _c104299
_d104299